| 000 | 01002nas a2200337 4500 | ||
|---|---|---|---|
| 001 | BR2022000652 | ||
| 003 | BR-BrBNA | ||
| 005 | 20231205132301.0 | ||
| 007 | ta | ||
| 008 | 230509b bl.|||p| |||| 00| 00por d | ||
| 040 |
_aBR-BrBNA _bpor _cBiblioteca Nacional de Agricultura |
||
| 041 | _a(Pt) | ||
| 072 | _aH20 | ||
| 100 | 1 | _aCorrêa, D. | |
| 100 | 1 | _aHipólito, J. de S. | |
| 100 | 1 | _aUber, S.C. | |
| 100 | 1 | _aBogo, A. | |
| 100 | 1 | _aCasa, T. | |
| 100 | 1 | _aRufato, L. | |
| 245 | 1 | _aEficiência de controle da entomosporiose e de podridões em pereira europeia | |
| 650 | _aPERA | ||
| 650 | _aDOENÇA FÚNGICA | ||
| 650 | _aMOFO CINZENTO | ||
| 650 | _aPODRIDÃO | ||
| 650 | _aCONTROLE QUÍMICO | ||
| 650 | _aDEFESA VEGETAL | ||
| 773 | 0 |
_tActa Iguazu (Brazil) _xISSN 2316-4093 _g(2017), v. 6(3) p. 1-10 _wBR2022000652 |
|
| 856 | 4 | 0 | _uhttps://e-revista.unioeste.br/index.php/actaiguazu/article/view/17668/11724 |
| 909 |
_a202311 _bLúcia _c55 _dLúcia Elande |
||
| 942 |
_2AGRIS _n0 _cANA |
||
| 999 |
_c259474 _d259474 |
||